| 000 | 00437 a2200133 4500 | ||
|---|---|---|---|
| 003 | Nust | ||
| 005 | 20170207170132.0 | ||
| 040 | _cNust | ||
| 082 | _a799 | ||
| 245 |
_aNet work Toplogies and Type of Networks by Mr Jaffar Hussain (WITT Students) Photographs-2014 _cMCS |
||
| 260 |
_aRawalpindi _bMCS _c24-10-2014 |
||
| 650 | _aNet work Toplogies and Type of Networks by Mr Jaffar Hussain (WITT Students) Photographs-2014 | ||
| 651 | _aSweet Memories-MCS | ||
| 942 | _cBK | ||
| 999 |
_c214151 _d214151 |
||